000 00837nam a2200253Ia 4500
003 OSt
005 20221005062356.0
006 a|||||r|||| 00| 0
007 ta
008 221004b |||||||| |||| 00| 0 eng d
020 _a0415324564 (pbk)
_c1357.21
024 _a96417
037 _b3307, 11/02/2009, Bharat Scientific Syndicate
_cTextual
040 _aCRL
_cCRL
_beng
041 _2eng
_aeng
082 _aO111,2J64:g(NT), P5
100 _aMassai Sonia Ed.
_9601765
245 0 _aWorld - wide Shakespeares
_b Local appropriations in film and performance
260 _aLondon
_bRoutledge UK
_c2005
300 _axii, 199p.
_ccm.
650 _aENGLISH LITERATURE
942 _hO111,2J64:g(NT), P5
_cTEXL
_2cc
999 _c969598
_d969598